00329nam a2200133Ia 4500008004100000041000800041082001000049100001700059245004000076260003700116650001200153906000900165999002100174240830s1989 xx 000 0 und d aeng a0 RAJ aRAJWADE N.S. aKOAIMARBHRATYA TANTRA STREE VIDNYAN bM.V.GRANTH MANDAL , NAGPURc1989 aBAL-ROG aN.D. c1194050d1194050